| 000 | 00773nam a22002057a 4500 | ||
|---|---|---|---|
| 999 |
_c16624 _d16624 |
||
| 003 | AR-CdUCM | ||
| 008 | 190504b ||||| |||| 00| 0 spa d | ||
| 040 |
_aMUNICIPALIDAD PROVINCIAL DEL CUSCO _cBIBLIOTECA MUNICIPAL DEL CUSCO |
||
| 082 |
_25ed. _a868.65 / _bG22 |
||
| 100 |
_aGarcía Lorca, Federico _96798 |
||
| 245 |
_aLa casa de Bernarda Alba : _bprosas varias - prosas póstumas / |
||
| 260 |
_aBuenos Aires : _bLosada, _c1962. |
||
| 300 |
_a182 páginas ; _c20 cm. |
||
| 505 | _aContenido: La casa de Bernarda Alba -- Prosas varias -- Nadadora sumergida -- Degollación del Bautista -- Degollación de los inocentes ... | ||
| 650 |
_aLiteratura _983 |
||
| 650 |
_aTeatro español _9648 |
||
| 650 |
_aSiglo XX _98 |
||
| 942 |
_2ddc _cLIBROS |
||
| 945 |
_aachl _d2019-05-04 |
||